00304nam a22000857a 4500008004100000082002100041245007700062260007100139300000800210230626b xxu||||| |||| 00| 0 eng d a328.31bIPU 2005 aThe Role of Parlimaents in the National Reconciliation Process in Africa aBurundibInter-Parliamentary Union and Parliament of Burundic2005 a79p